English for academic purposes : (Record no. 2349)

MARC details
000 -LEADER
fixed length control field 00652nam a2200193 ar4500
001 - CONTROL NUMBER
control field 2351
005 - DATE AND TIME OF LATEST TRANSACTION
control field 20221127090424.0
008 - FIXED-LENGTH DATA ELEMENTS--GENERAL INFORMATION
fixed length control field 101228s xxka 00110|eng d
020 ## - INTERNATIONAL STANDARD BOOK NUMBER
International Standard Book Number 0415358698(hpb) :
Terms of availability SR429.00
082 04 - DEWEY DECIMAL CLASSIFICATION NUMBER
Classification number 428.2407
Item number H997 2006
100 1# - MAIN ENTRY--PERSONAL NAME
Personal name Hyland, Ken.
245 10 - TITLE STATEMENT
Title English for academic purposes :
Remainder of title an advanced resource book /
Statement of responsibility, etc. Ken Hyland.
260 ## - PUBLICATION, DISTRIBUTION, ETC.
Place of publication, distribution, etc. London ;
-- New York :
Name of publisher, distributor, etc. Routledge,
Date of publication, distribution, etc. 2006.
300 ## - PHYSICAL DESCRIPTION
Extent xvi, 340 p. :
Other physical details ill. ;
Dimensions 25 cm.
440 #0 - SERIES STATEMENT/ADDED ENTRY--TITLE
Title Routledge applied linguistics.
504 ## - BIBLIOGRAPHY, ETC. NOTE
Bibliography, etc. note Includes bibl. references and index.
650 #4 - SUBJECT ADDED ENTRY--TOPICAL TERM
Topical term or geographic name entry element English language
General subdivision Study and teaching.
650 #4 - SUBJECT ADDED ENTRY--TOPICAL TERM
Topical term or geographic name entry element English language
Form subdivision Textbooks.
Holdings
Withdrawn status Lost status Source of classification or shelving scheme Damaged status Not for loan Home library Current library Date acquired Total Checkouts Full call number Barcode Date last seen Copy number Price effective from Koha item type
              11/27/2022   428.2407 H997 2006 1000000009774 11/27/2022 C1 11/27/2022 Book